| 000 | 00676nam a2200217Ia 4500 | ||
|---|---|---|---|
| 003 | GCL | ||
| 008 | 140319s9999 xx 000 0 ara d | ||
| 040 |
_aGCL / _cGCL |
||
| 082 | 0 | 4 |
_a398.2 _bم ت |
| 100 | 1 | _aمحمد فوزى عبدالمقصود زاهر | |
| 245 | 1 | 0 |
_aالتراث الشعبى وتربية الطفل المصرى دراسة تحليلية / _cمحمد فوزى عبدالمقصود زاهر |
| 300 | _a407 ص | ||
| 490 | _a | ||
| 650 | 0 | 4 | _aمصر |
| 650 | 0 | 4 | _aالتربية |
| 650 | 0 | 4 | _aالعادات والتقاليد |
| 650 | 0 | 4 | _aالفولكلور |
| 650 | 0 | 4 | _aالاطفال |
| 650 | 0 | 4 | _aالادب الشعبى |
| 942 |
_2ddc _cBK |
||
| 999 |
_c40997 _d40997 |
||